|
|
|
|
| LEADER |
01743nam a2200433 a 4500 |
| 001 |
nkc20102039373 |
| 003 |
CZ PrNK |
| 005 |
20220302075351.0 |
| 007 |
ta |
| 008 |
100301s2008 xr ac e 000 0 cze |
| 015 |
|
|
|a cnb002039373
|
| 020 |
|
|
|a 978-80-254-6706-0
|q (v knize neuvedeno ;
|q brož.)
|
| 035 |
|
|
|a (OCoLC)607528565
|
| 040 |
|
|
|a ABA001
|b cze
|
| 043 |
|
|
|a e-xr---
|b e-xr-pa
|2 czenas
|
| 072 |
|
7 |
|a 908(437)
|x Vlastivěda Česka a Slovenska
|2 Konspekt
|9 8
|
| 080 |
|
|
|a 94(437.314)
|2 MRF
|
| 080 |
|
|
|a 908(437.314)
|2 MRF
|
| 080 |
|
|
|a (082.2)
|2 MRF
|
| 100 |
1 |
|
|a Studnička, Pavel,
|d 1946-2015
|7 jn99240001142
|4 aut
|
| 245 |
1 |
0 |
|a 1088-2008 Jenišovice /
|c [textově připravil na základě uvedených pramenů a literatury Pavel Studnička ve spolupráci s Obcí Jenišovice ; v kapitole Jenišovice se představují bylo částečně použito textu Ivo Šulce]
|
| 246 |
3 |
|
|a Jenišovice 1088-2008
|
| 246 |
3 |
|
|a Naše Jenišovice
|
| 260 |
|
|
|a Jenišovice :
|b Obec Jenišovice,
|c 2008
|
| 300 |
|
|
|a 50 s. :
|b il. (převážně barev.), portréty ;
|c 21 cm
|
| 500 |
|
|
|a 300 výt.
|
| 504 |
|
|
|a Obsahuje bibliografii
|
| 651 |
|
7 |
|a Jenišovice (Chrudim, Česko)
|7 ge476153
|x dějiny
|2 czenas
|
| 651 |
|
7 |
|a Jenišovice (Chrudim, Česko)
|7 ge476153
|x vlastivěda
|2 czenas
|
| 651 |
|
9 |
|a Jenišovice (Chrudim, Czechia)
|x history
|2 eczenas
|
| 655 |
|
7 |
|a jubilejní publikace
|7 fd131839
|2 czenas
|
| 655 |
|
9 |
|a jubilee books
|2 eczenas
|
| 700 |
1 |
|
|a Šulc, Ivo,
|d 1971-
|7 xx0012916
|4 aut
|
| 710 |
1 |
|
|a Jenišovice (Chrudim, Česko)
|7 ge476153
|4 isb
|
| 910 |
2 |
|
|a BOA001
|b 2-1481.325
|
| 990 |
|
|
|a BK
|
| 995 |
|
|
|a 01
|
| 991 |
|
|
|b 202203
|c NOV
|
| 996 |
6 |
|
|b 2610892646
|c 2-1481.325
|l MZK
|r Sklad / do 1 hodiny
|n 0
|p p.v.
|w 001876557
|u 000010
|a 1
|e BOA001
|j MZK50
|s P
|